00989nam a2200253 i 450000100060000000300090000600500170001500800390003201500170007104000350008804100130012308000140013610000420015024500710019224600900026326000670035330000340042038000170045450400280047165000440049971000530054370000410059685600980063711817KOSZ 00520220325101310.0071012s1966 pl a f 000 0 pol aPB 1966/4917 aWA NcKOSZ 005/RWdKOSZ 005/RW1 apolhrus a631+629.11 aKazarcev, Vasilij Ivanovič.eAutor.10aRemont maszyn /cW. Kazarcew ; [przeł. H. Jędrzejewski et al.].1 iTyt. oryg.:aRemont mašin: traktorov, avtomobilej i sel'skohozâjstvennyh mašin. aWarszawa :bPaństwowe Wydawnictwo Rolnicze i Leśne,c1966. a548 s. :bil., err. ;c25 cm. aKsiążki. aBibliogr. s. [539]-547. 4aMaszyny i narzędzia rolniczexremont.2 aPaństwowe Wydawnictwo Rolnicze i Leśne4pbl.1 aJędrzejewski, HenrykeTłumaczenie uhttp://koha.tu.koszalin.pl/cgi-bin/koha/opac-detail.pl?biblionumber=11817yKatalog online BPK